Українське слово: в 4-х книгах (Запис № 314104)

МАРК-запис
000 -Лідер
fixed length control field 00957nam a22002537a 4500
001 - Контрольний номер
control field 27752
003 - Ідентифікатор контрольного номера
control field UA-OsUOA
005 - Дата та час останнього входження (трансакції)
control field 20200126210430.0
007 - Фіксоване поле фізичного опису
fixed length control field ta
008 - Елементи даних фіксованої довжини – загальна інформація
fixed length control field 20040913b un ||||| |||| 00| 0 ukr d
020 ## - Міжнародний стандартний книжковий номер (ISBN)
Міжнародний стандартний книжковий номер (ISBN) (НП) 966-8001-04-4
040 ## - Джерело каталогізації
Агенція оригінальної каталогізації UA-OsUOA
Мова каталогізації ukr
Агенція, яка здійснювала перезапис UA-OsUOA
Агенція, яка здійснювала модифікацію UA-OsUOA
041 ## - Код мови
Код мови тексту/ звукової доріжки чи окремого заголовка (П) ukr
044 ## - Код країни видавця/ виробника
Код країни видавця/ виробника (П) UA
080 ## - Індекс Універсальної десяткової класифікації
Індекс Універсальної десяткової класифікації (УДК) (НП) 82.09(477)
090 ## - Локальний шифр розміщення
Класифікаційний індекс УДК 82.09(477)
Авторський знак (НП) У45
245 ## - Відомості про назву
Назва (НП) Українське слово: в 4-х книгах
Решта назви (НП) хрестоматія української літератури та літературної критики XX століття
Дані про відповідальність (НП) упоряд. В. Яременко
260 ## - Публікація, розповсюдження і т.п. (Вихідні дані)
Місце публікації, розповсюдження і т.п. (П) Київ
Ім’я/ наймення видавництва, розповсюджувача і т.п. (П) Аконіт
Дата публікації, розповсюдження і т.п. (П) 2003
300 ## - Фізичний опис
Обсяг 800 с.
505 ## - Форматована примітка про зміст
Змішана інформація Кн. 4
Назва Культурно-історична епоха модернізму. Пізній модернізм (1961-1991). Постмодерна література дев'яностих років
650 #7 - Додаткове предметне введення – тематичний термін
Джерело заголовка чи терміна UDC
942 ## - Додаткові елементи входу (Коха)
Тип елемента Koha Книги
Source of classification or shelving scheme Universal Decimal Classification
955 ## - Код типу видання за змістом
Код типу видання за змістом (НП) інше
Фонди
Стан вилучень Стан втрат Джерело класифікації або схеми стелажів Стан уражень Не для кредиту Постійне місце розташування Поточне розміщення Дата придбання Інвентарний номер Усього замовленно Повний номер виклику Штрих-код Дата останнього перегляду Ціна ефективна від Тип елемента Koha Вартість, звичайна ціна покупки Дата останньої перевірки
    Universal Decimal Classification     АБ - Абонемент НБ АБ - Абонемент НБ 30/08/2012 17307   82.09(477) У45 17307 11/02/2022 13/09/2004 Книги    
    Universal Decimal Classification     АБ - Абонемент НБ АБ - Абонемент НБ 02/03/2005 83393 2 82.09(477) У45 83393 14/01/2026 13/09/2004 Книги 7.28 14/01/2026
    Universal Decimal Classification     АБ - Абонемент НБ АБ - Абонемент НБ 13/09/2004 93506   82.09(477) У45 93506 11/02/2022 13/09/2004 Книги 44.66